[Event "EU-ch Schools U13 Girls"]
[Site "Tornelo INT"]
[Date "2021.12.10"]
[Round "2"]
[White "Heric, Meta"]
[Black "Tirpan, Ceren"]
[Result "0-1"]
[WhiteElo "1272"]
[BlackElo "1469"]
[PlyCount "148"]
[EventDate "2021.12.03"]
[EventType "swiss (rapid)"]
[EventRounds "7"]
[EventCountry "NET"]
[SourceTitle "EXT 2023"]
[Source "ChessBase"]
[SourceDate "2022.10.05"]
[SourceVersion "1"]
[SourceVersionDate "2022.10.05"]
[SourceQuality "1"]

1. e4 e5 2. Nf3 Nc6 3. Nc3 Bc5 4. Nxe5 Nxe5 5. d4 Bd6 6. dxe5 Bxe5 7. Bc4 Ne7 8. 0-0 0-0 9. Be3 c6 10. f4 Bxc3 11. bxc3 d5 12. exd5 cxd5 13. Bd3 Nf5 14. Bd2 Re8 15. Qf3 Qd6 16. Qh5 g6 17. Qf3 h5 18. h3 Qb6+ 19. Kh1 Qf6 20. g4 hxg4 21. hxg4 Qh4+ 22. Kg2 Nd6 23. Rh1 Qxg4+ 24. Qxg4 Bxg4 25. Kf2 Ne4+ 26. Bxe4 Rxe4 27. Rae1 Rae8 28. Kg3 Rxe1 29. Bxe1 Bf5 30. Bf2 Kg7 31. Bd4+ f6 32. Rb1 b6 33. Rb5 Rd8 34. Rb2 Kf7 35. Kf3 Ke6 36. Rb1 Rh8 37. Rg1 Bxc2 38. Re1+ Be4+ 39. Kg4 Rh2 40. Ra1 Rg2+ 41. Kh3 Kf5 42. a4 Rg4 43. Be3 g5 44. fxg5 Bg2+ 45. Kh2 fxg5 46. Bd4 Be4 47. Rf1+ Rf4 48. Rg1 g4 49. Kg3 Rf3+ 50. Kg2 Rxc3+ 51. Kf2 Rc2+ 52. Ke3 Bf3 53. Re1 Ra2 54. Kd3 Ra3+ 55. Kd2 Rxa4 56. Re5+ Kg6 57. Re6+ Kf7 58. Rf6+ Ke7 59. Rf4 Be4 60. Ke3 Ra3+ 61. Kd2 g3 62. Ke1 g2 63. Kf2 Ra2+ 64. Kg1 Rd2 65. Bf2 Rd1+ 66. Kh2 Rh1+ 67. Kg3 g1Q+ 68. Bxg1 Rxg1+ 69. Kh4 a5 70. Kh5 a4 71. Kh4 a3 72. Kh5 a2 73. Kh4 a1Q 74. Kh5 Qh8# 0-1

[Event "EU-ch Schools U13 Girls"]
[Site "Tornelo INT"]
[Date "2021.12.03"]
[Round "1"]
[White "Gvatua, Mariam"]
[Black "Heric, Meta"]
[Result "0-1"]
[WhiteElo "1556"]
[BlackElo "1272"]
[PlyCount "140"]
[EventDate "2021.12.03"]
[EventType "swiss (rapid)"]
[EventRounds "7"]
[EventCountry "NET"]
[SourceTitle "EXT 2023"]
[Source "ChessBase"]
[SourceDate "2022.10.05"]
[SourceVersion "1"]
[SourceVersionDate "2022.10.05"]
[SourceQuality "1"]

1. d4 Nf6 2. Nc3 g6 3. e4 d6 4. Bg5 Bg7 5. Nf3 0-0 6. Bd3 b6 7. 0-0 Bb7 8. Re1 c5 9. d5 Nbd7 10. Bb5 Ng4 11. Bxd7 Qxd7 12. h3 Ne5 13. Nxe5 Bxe5 14. Bh6 Bg7 15. Bxg7 Kxg7 16. Qe2 e6 17. Rad1 Rae8 18. Qg4 Qe7 19. Qg3 exd5 20. Nxd5 Qe5 21. Qxe5+ Rxe5 22. c4 f5 23. exf5 Rfxf5 24. Ne3 Rf6 25. Ng4 Rxe1+ 26. Rxe1 Rf7 27. Rd1 Rd7 28. Ne3 Kf6 29. Kf1 Ke5 30. Ke2 d5 31. cxd5 Bxd5 32. b3 Bc6 33. Rc1 Re7 34. Kf1 Kf4 35. g3+ Kf3 36. Rc3 Ke4 37. Ke2 Bb5+ 38. Kd2 Rd7+ 39. Ke1 Ke5 40. a4 Bc6 41. Rc4 Bd5 42. Nxd5 Rxd5 43. Ke2 Kf5 44. Rf4+ Ke6 45. Ke3 Re5+ 46. Kd3 Rd5+ 47. Kc3 Re5 48. Rf8 Kd6 49. Rd8+ Kc7 50. Rh8 Re7 51. Kd3 Kd6 52. Rd8+ Rd7 53. Re8 Kc7+ 54. Kc3 Kd6 55. Re3 Kc6 56. f4 Rc7 57. g4 Rd7 58. Re6+ Kc7 59. h4 Rd6 60. Re3 Rd4 61. Re7+ Rd7 62. Re4 Kc6 63. f5 gxf5 64. gxf5 Rf7 65. Re6+ Kd7 66. Rh6 Kc7 67. f6 Kd6 68. h5 Ke5 69. Kd3 Rd7+ 70. Ke3 Rf7 0-1

[Event "EU-ch Hybrid U12 Girls"]
[Site "Tornelo INT"]
[Date "2021.10.15"]
[Round "7"]
[White "Buyuk, Elvin Esma"]
[Black "Heric, Meta"]
[Result "1-0"]
[WhiteElo "1266"]
[BlackElo "1355"]
[PlyCount "55"]
[EventDate "2021.10.15"]
[EventType "swiss"]
[EventRounds "9"]
[EventCountry "NET"]
[SourceTitle "EXT 2023"]
[Source "ChessBase"]
[SourceDate "2022.10.05"]
[SourceVersion "1"]
[SourceVersionDate "2022.10.05"]
[SourceQuality "1"]
[WhiteTeam "Turkey"]
[BlackTeam "Slovenia"]
[WhiteTeamCountry "TUR"]
[BlackTeamCountry "SLO"]

1. d4 Nf6 2. Nf3 c5 3. e3 g6 4. c4 Bg7 5. Nc3 b6 6. d5 d6 7. Bd3 0-0 8. e4 Nbd7 9. 0-0 Bb7 10. Bd2 e6 11. Qc1 Ng4 12. Bg5 Qb8 13. Be2 exd5 14. exd5 Ba6 15. Nd2 Ngf6 16. Nde4 Nxe4 17. Nxe4 Re8 18. Bd3 Qc7 19. Rb1 b5 20. b3 bxc4 21. bxc4 Nb6 22. Nf6+ Bxf6 23. Bxf6 Nd7 24. Ba1 Ne5 25. Qc3 f5 26. f4 Nxd3 27. Qh8+ Kf7 28. Qg7# 1-0

[Event "EU-ch Hybrid U12 Girls"]
[Site "Tornelo INT"]
[Date "2021.10.15"]
[Round "1"]
[White "Goriachkina, Oksana"]
[Black "Heric, Meta"]
[Result "1-0"]
[WhiteElo "1756"]
[BlackElo "1355"]
[PlyCount "63"]
[EventDate "2021.10.15"]
[EventType "swiss"]
[EventRounds "9"]
[EventCountry "NET"]
[SourceTitle "EXT 2023"]
[Source "ChessBase"]
[SourceDate "2022.10.05"]
[SourceVersion "1"]
[SourceVersionDate "2022.10.05"]
[SourceQuality "1"]
[WhiteTeam "Russia"]
[BlackTeam "Slovenia"]
[WhiteTeamCountry "RUS"]
[BlackTeamCountry "SLO"]

1. d4 Nf6 2. c4 c5 3. Nf3 cxd4 4. Nxd4 Nc6 5. e3 g6 6. Nc3 Bg7 7. Be2 0-0 8. 0-0 d6 9. a3 a5 10. b3 d5 11. Ndb5 dxc4 12. Bxc4 Bd7 13. Bb2 Qb8 14. Na4 Rd8 15. Qe2 b6 16. h3 Na7 17. Bd4 Nc8 18. Rac1 Qb7 19. Rfd1 Bc6 20. f3 Qb8 21. Bxf7+ Kxf7 22. Rxc6 Qb7 23. Rdc1 Ra6 24. Qc4+ Kf8 25. Rxc8 Rxc8 26. Qxc8+ Qxc8 27. Rxc8+ Kf7 28. Bxb6 Nd5 29. Bd4 Bh6 30. Kf2 Re6 31. e4 Nf4 32. Nc5 1-0

[Event "World Cup U12 Girls Prel"]
[Site "Tornelo INT"]
[Date "2021.08.16"]
[Round "5"]
[White "Heric, Meta"]
[Black "Xu, Hannah"]
[Result "1-0"]
[WhiteElo "1283"]
[BlackElo "1172"]
[PlyCount "105"]
[EventDate "2021.08.16"]
[EventType "swiss (rapid)"]
[EventRounds "10"]
[EventCountry "NET"]
[SourceTitle "EXT 2025"]
[Source "ChessBase"]
[SourceDate "2024.10.14"]
[SourceVersion "1"]
[SourceVersionDate "2024.10.14"]
[SourceQuality "1"]

1. e4 e6 2. d4 d5 3. Nc3 Nf6 4. e5 Nfd7 5. f4 c5 6. Nf3 Nc6 7. Be3 Qb6 8. Qd2 a5 9. Be2 Be7 10. 0-0 cxd4 11. Nxd4 Bc5 12. Rfd1 Nxd4 13. Bxd4 Bxd4+ 14. Qxd4 Qxd4+ 15. Rxd4 b6 16. Nb5 0-0 17. Nd6 Nc5 18. Bf3 Bb7 19. b4 Nd7 20. Nxb7 Rac8 21. Rc1 Nb8 22. bxa5 bxa5 23. Nxa5 Nc6 24. Nxc6 Rxc6 25. c4 Rc5 26. Be2 g6 27. Rdd1 Rfc8 28. a4 dxc4 29. Rd2 Kf8 30. Rdc2 c3 31. Ra1 Ra5 32. Bb5 Rc5 33. Rac1 Ra8 34. Rxc3 Rxc3 35. Rxc3 Ke7 36. Rc7+ Kf8 37. Rc1 Ke7 38. Kf2 Kd8 39. Ke3 Ke7 40. Ra1 f6 41. Kd4 f5 42. Kc5 Kd8 43. Kb6 Kc8 44. Kc5 Kc7 45. a5 Ra7 46. a6 Ra8 47. a7 h6 48. Bc6 Rh8 49. a8Q Rxa8 50. Rxa8 g5 51. Ra7+ Kd8 52. Kd6 Kc8 53. Ra8# 1-0

[Event "Maribor Pirc Memorial U16 23rd"]
[Site "Maribor"]
[Date "2020.08.15"]
[Round "8"]
[White "Drevensek, Gasper"]
[Black "Heric, Meta"]
[Result "1-0"]
[WhiteElo "1432"]
[BlackElo "1277"]
[PlyCount "59"]
[EventDate "2020.08.12"]
[EventType "tourn"]
[EventRounds "9"]
[EventCountry "SLO"]
[SourceTitle "EXT 2021"]
[Source "ChessBase"]
[SourceDate "2020.10.23"]
[SourceVersion "1"]
[SourceVersionDate "2020.10.23"]
[SourceQuality "1"]

1. e4 c5 2. Nf3 d6 3. d4 cxd4 4. Qxd4 Nf6 5. Bb5+ Bd7 6. Bxd7+ Qxd7 7. c4 Nc6 8. Qd3 Nb4 9. Qe2 Na6 10. Nc3 Nc5 11. 0-0 e5 12. Bg5 Be7 13. Rfd1 0-0 14. Bxf6 Bxf6 15. Rd2 Rfd8 16. Rad1 Qc6 17. Nd5 Kh8 18. Qe3 Nd7 19. Nxf6 Nxf6 20. Nxe5 Qe8 21. Qd4 Kg8 22. f3 b5 23. Nd3 bxc4 24. Qxc4 d5 25. exd5 Nxd5 26. Qe4 Qb5 27. Nf2 Rac8 28. Rxd5 Rxd5 29. Qxd5 Qxd5 30. Rxd5 1-0

[Event "SLO-ch 29th"]
[Site "Radenci"]
[Date "2019.05.03"]
[Round "8"]
[White "Heric, Meta"]
[Black "Centrih, Aleks"]
[Result "0-1"]
[WhiteElo "1168"]
[BlackElo "1642"]
[PlyCount "94"]
[EventDate "2019.04.27"]
[EventType "swiss"]
[EventRounds "9"]
[EventCountry "SLO"]
[SourceTitle "CBM 190 Extra"]
[Source "ChessBase"]
[SourceDate "2019.07.15"]
[SourceVersion "1"]
[SourceVersionDate "2019.07.15"]
[SourceQuality "1"]

1. e4 e5 2. Nf3 Nc6 3. Nc3 Nf6 4. Bb5 Bb4 5. 0-0 0-0 6. Bxc6 dxc6 7. Nxe5 Bxc3 8. bxc3 Nxe4 9. Re1 Qd5 10. Nf3 Bg4 11. c4 Qf5 12. d3 Bxf3 13. Qxf3 Qxf3 14. gxf3 Nd6 15. Bf4 Rfe8 16. c5 Nb5 17. c4 Nd4 18. Rxe8+ Rxe8 19. Bxc7 Nxf3+ 20. Kh1 Re1+ 21. Rxe1 Nxe1 22. d4 Nd3 23. Kg2 Nb2 24. h4 Nxc4 25. Kg3 Kf8 26. Kf3 Ke7 27. Ke4 Ke6 28. Bg3 Nd2+ 29. Kd3 Nf3 30. Ke4 Ne1 31. f4 f5+ 32. Ke3 Nc2+ 33. Kd3 Nb4+ 34. Kc4 Nxa2 35. Kb3 Nc1+ 36. Kc2 Ne2 37. Bh2 Nxd4+ 38. Kc3 Kd5 39. Kb4 Ne6 40. h5 Nxc5 41. Bg1 Nd3+ 42. Kc3 Nxf4 43. Bxa7 Nxh5 44. Bd4 g5 45. Kd3 f4 46. Bf2 b5 47. Kc2 Ke4 0-1

[Event "SLO-ch 29th"]
[Site "Radenci"]
[Date "2019.04.28"]
[Round "2"]
[White "Heric, Meta"]
[Black "Javornik, Nik"]
[Result "0-1"]
[WhiteElo "1168"]
[BlackElo "1551"]
[PlyCount "84"]
[EventDate "2019.04.27"]
[EventType "swiss"]
[EventRounds "9"]
[EventCountry "SLO"]
[SourceTitle "CBM 190 Extra"]
[Source "ChessBase"]
[SourceDate "2019.07.15"]
[SourceVersion "1"]
[SourceVersionDate "2019.07.15"]
[SourceQuality "1"]

1. e4 c5 2. Nc3 Nc6 3. f4 g6 4. Nf3 Bg7 5. Bb5 Nd4 6. 0-0 e6 7. Nxd4 cxd4 8. Ne2 Ne7 9. e5 0-0 10. Nxd4 Qb6 11. c3 Nf5 12. Qa4 d6 13. Kh1 dxe5 14. Nxf5 exf5 15. fxe5 Bxe5 16. d4 Bd6 17. Bd3 Qc7 18. h3 b6 19. Ba6 Be6 20. Be3 f4 21. Bxf4 Bxf4 22. d5 Bxd5 23. Qxf4 Qc6 24. Rf2 b5 25. Rd2 Rad8 26. Rad1 Bxg2+ 27. Kh2 Rxd2 28. Rxd2 Qxa6 29. Rxg2 Qxa2 30. b4 Qe6 31. h4 Rc8 32. Rc2 h5 33. Qg5 Qd6+ 34. Kg1 Rc4 35. Qxb5 Qd1+ 36. Kf2 Qxc2+ 37. Kg3 Rg4+ 38. Kf3 Qe4+ 39. Kf2 Rg2+ 40. Kf1 Qf3+ 41. Ke1 Qe3+ 42. Kf1 Rg1# 0-1